[Event "Titled Tuesday intern op 16th Apr Late"]
[Site "Chess.com INT"]
[Date "2024.04.16"]
[Round "11"]
[White "Demchenko, Anton"]
[Black "Shirov, Alexei"]
[Result "1-0"]
[WhiteElo "2609"]
[BlackElo "2661"]
[PlyCount "89"]
[EventDate "2024.04.16"]
[EventType "swiss (blitz)"]
[EventRounds "11"]
[EventCountry "USA"]
[SourceTitle "CB17_2024"]
[SourceDate "2024.04.24"]
[SourceVersion "1"]
[SourceVersionDate "2024.04.24"]
[SourceQuality "1"]

1. e4 e5 2. Nf3 Nc6 3. Bc4 Nf6 4. d3 Bc5 5. Bg5 h6 6. Bh4 Be7 7. Bg3 d6 8. a4 0-0 9. h3 g6 10. a5 Nh5 11. a6 Nxg3 12. axb7 Bxb7 13. fxg3 Kg7 14. Nc3 Nd4 15. 0-0 Bg5 16. Kh2 Nxf3+ 17. Qxf3 f5 18. Bd5 c6 19. Bb3 f4 20. Kh1 fxg3 21. Qxg3 Bf4 22. Qf2 Qg5 23. Rxa7 Rxa7 24. Qxa7 Qg3 25. Qxb7+ Kh8 26. Rxf4 Qe1+ 27. Kh2 exf4 28. Ne2 Qxe2 29. Qe7 Ra8 30. Qf6+ Kh7 31. Qf7+ Kh8 32. Qxg6 d5 33. Qxh6+ Kg8 34. Qxc6 f3 35. Bxd5+ Kg7 36. Qd7+ Kh8 37. Qg4 Rf8 38. Qh5+ Kg7 39. Qg5+ Kh7 40. Qh5+ Kg7 41. Qg4+ Kh8 42. Be6 Qe3 43. Bf5 f2 44. Qh5+ Kg7 45. Qg6+ 1-0

[Event "Titled Tuesday intern op 16th Apr Late"]
[Site "Chess.com INT"]
[Date "2024.04.16"]
[Round "1"]
[White "Krzesaj, Robert"]
[Black "Shirov, Alexei"]
[Result "0-1"]
[WhiteElo "2391"]
[BlackElo "2661"]
[PlyCount "114"]
[EventDate "2024.04.16"]
[EventType "swiss (blitz)"]
[EventRounds "11"]
[EventCountry "USA"]
[SourceTitle "CB17_2024"]
[SourceDate "2024.04.24"]
[SourceVersion "1"]
[SourceVersionDate "2024.04.24"]
[SourceQuality "1"]

1. d4 d5 2. c4 c6 3. Nf3 Nf6 4. g3 dxc4 5. Bg2 g6 6. 0-0 Bg7 7. Ne5 Be6 8. a4 Nbd7 9. Nf3 Bf5 10. Nc3 Nd5 11. Nh4 Be6 12. e4 Nxc3 13. bxc3 0-0 14. Ba3 Nf6 15. Rb1 Rb8 16. h3 b5 17. Nf3 Nxe4 18. Qc1 Bd5 19. Re1 Nd6 20. Ne5 Bxg2 21. Kxg2 Qc8 22. Ng4 Re8 23. Qf4 Nf5 24. a5 Qd8 25. Ne5 Bxe5 26. Rxe5 Qxa5 27. Rxf5 Qxa3 28. Rxf7 Rf8 29. Re1 Rxf7 30. Qxb8+ Rf8 31. Qe5 Qd6 32. Qxe7 Qxe7 33. Rxe7 Ra8 34. Re1 a5 35. Ra1 Kf7 36. f4 Ke6 37. Kf3 Kd5 38. g4 a4 39. f5 gxf5 40. gxf5 c5 41. dxc5 Kxc5 42. Ke4 Re8+ 43. Kf4 Re2 44. f6 Kd5 45. Rf1 Ke6 46. Kg5 Kf7 47. Rf5 Rg2+ 48. Kh6 Rg6+ 49. Kxh7 Rxf6 50. Rxb5 Ra6 51. Rb2 a3 52. Ra2 Kf6 53. Kh6 Kf5+ 54. Kh5 Ke4 55. Kg4 Kd3 56. h4 Kxc3 57. h5 Kb3 0-1

[Event "Titled Tuesday intern op 16th Apr Early"]
[Site "Chess.com INT"]
[Date "2024.04.16"]
[Round "1"]
[White "Shohat, Yotam"]
[Black "Shirov, Alexei"]
[Result "1-0"]
[WhiteElo "2398"]
[BlackElo "2661"]
[PlyCount "55"]
[EventDate "2024.04.16"]
[EventType "swiss (blitz)"]
[EventRounds "11"]
[EventCountry "USA"]
[SourceTitle "CB17_2024"]
[SourceDate "2024.04.24"]
[SourceVersion "1"]
[SourceVersionDate "2024.04.24"]
[SourceQuality "1"]

1. e4 e5 2. Nf3 Nc6 3. Bb5 a6 4. Ba4 Nf6 5. 0-0 b5 6. Bb3 Bc5 7. a4 Rb8 8. axb5 axb5 9. Nc3 d6 10. d3 h6 11. Be3 Bxe3 12. fxe3 0-0 13. Nh4 Ne7 14. Rxf6 gxf6 15. Qh5 Kg7 16. Rf1 Ng6 17. Nf5+ Bxf5 18. exf5 c6 19. Rf3 d5 20. Rg3 Qe8 21. e4 Ra8 22. exd5 Ra1+ 23. Kf2 Qe7 24. fxg6 Rh8 25. gxf7+ Kf8 26. Rg8+ Rxg8 27. fxg8Q+ Kxg8 28. d6+ 1-0

[Event "Titled Tuesday intern op 02nd Apr Early"]
[Site "Chess.com INT"]
[Date "2024.04.02"]
[Round "1"]
[White "Krzywda, Andrzej"]
[Black "Shirov, Alexei"]
[Result "0-1"]
[WhiteElo "2214"]
[BlackElo "2661"]
[PlyCount "68"]
[EventDate "2024.04.02"]
[EventType "swiss (blitz)"]
[EventRounds "11"]
[EventCountry "USA"]
[SourceTitle "CB15_2024"]
[SourceDate "2024.04.10"]
[SourceVersion "1"]
[SourceVersionDate "2024.04.10"]
[SourceQuality "1"]

1. e4 e5 2. Nf3 Nc6 3. Bb5 a6 4. Ba4 Nf6 5. 0-0 b5 6. Bb3 Bc5 7. c3 d6 8. d4 Bb6 9. a4 Rb8 10. a5 Ba7 11. h3 Bb7 12. Re1 0-0 13. Be3 exd4 14. cxd4 Nb4 15. d5 Bxe3 16. Rxe3 c5 17. dxc6 Nxc6 18. Nc3 Nxa5 19. Nd4 Re8 20. Bc2 Nc4 21. Rg3 g6 22. b3 Ne5 23. Qd2 Rc8 24. Qh6 Kh8 25. Rd1 b4 26. Nce2 Bxe4 27. Bxe4 Nxe4 28. Re3 Nc3 29. Re1 Qf6 30. f4 Nd7 31. Nxc3 Rxe3 32. Rxe3 Qxd4 33. Kh2 Qxe3 34. Nd5 Qd4 0-1

[Event "Titled Tuesday intern op 02nd Apr Early"]
[Site "Chess.com INT"]
[Date "2024.04.02"]
[Round "8"]
[White "Pinero Rodriguez, Carlos Jose"]
[Black "Shirov, Alexei"]
[Result "0-1"]
[WhiteElo "2284"]
[BlackElo "2661"]
[PlyCount "86"]
[EventDate "2024.04.02"]
[EventType "swiss (blitz)"]
[EventRounds "11"]
[EventCountry "USA"]
[SourceTitle "CB15_2024"]
[SourceDate "2024.04.10"]
[SourceVersion "1"]
[SourceVersionDate "2024.04.10"]
[SourceQuality "1"]

1. e4 e5 2. Nf3 Nc6 3. Bb5 a6 4. Ba4 Nf6 5. d3 d6 6. c3 g6 7. h3 Bg7 8. 0-0 0-0 9. Re1 Nh5 10. g4 Nf6 11. Bg5 Qd7 12. Nh2 h5 13. f3 Nh7 14. Be3 f5 15. Nd2 Bf6 16. Re2 hxg4 17. hxg4 f4 18. Bf2 Ng5 19. Kg2 Qh7 20. Qh1 Qh3+ 21. Kg1 Kg7 22. Nhf1 Bxg4 23. Qxh3 Nxh3+ 24. Kg2 Bd7 25. Nh2 Rh8 26. Rh1 Nxf2 27. Rxf2 Bh3+ 28. Kg1 Bh4 29. Re2 Bg3 30. Ng4 Rh4 31. Nf2 Bxf2+ 32. Rxf2 Rah8 33. Rfh2 g5 34. Bxc6 bxc6 35. Kf2 Kf6 36. Nc4 Be6 37. Rxh4 gxh4 38. Na5 c5 39. c4 h3 40. Rh2 Rb8 41. Kf1 Kg5 42. Nb3 Kh4 43. Kf2 a5 0-1

[Event "Titled Tuesday intern op 02nd Apr Late"]
[Site "Chess.com INT"]
[Date "2024.04.02"]
[Round "1"]
[White "Shirov, Alexei"]
[Black "Becerra, Juan David"]
[Result "1/2-1/2"]
[WhiteElo "2661"]
[BlackElo "2296"]
[PlyCount "86"]
[EventDate "2024.04.02"]
[EventType "swiss (blitz)"]
[EventRounds "11"]
[EventCountry "USA"]
[SourceTitle "CB15_2024"]
[SourceDate "2024.04.10"]
[SourceVersion "1"]
[SourceVersionDate "2024.04.10"]
[SourceQuality "1"]

1. e4 e5 2. Nf3 Nc6 3. Bc4 Bc5 4. c3 Nf6 5. d4 exd4 6. e5 d5 7. Bb5 Ne4 8. cxd4 Bb4+ 9. Bd2 Nxd2 10. Nbxd2 0-0 11. 0-0 Ne7 12. Bd3 Bf5 13. Nb3 Bxd3 14. Qxd3 Ng6 15. a3 Be7 16. Na5 c6 17. Nxb7 Qb6 18. Nd6 Bxd6 19. exd6 Rad8 20. b4 Rxd6 21. Rfc1 Rf6 22. Rc5 Re8 23. g3 Qb7 24. Rac1 Qd7 25. Ne1 h5 26. h4 Qg4 27. Ng2 Ree6 28. R5c2 Rf3 29. Qd2 Rxa3 30. Rxc6 Rxc6 31. Rxc6 Ra1+ 32. Rc1 Rxc1+ 33. Qxc1 Qxd4 34. Qc8+ Kh7 35. Qf5 Qd1+ 36. Kh2 d4 37. Qxf7 d3 38. Qf5 Qe2 39. Nf4 Qxf2+ 40. Kh3 Qf1+ 41. Kh2 Qf2+ 42. Kh3 Qf1+ 43. Kh2 Qf2+ 1/2-1/2

[Event "Titled Tuesday intern op 02nd Apr Late"]
[Site "Chess.com INT"]
[Date "2024.04.02"]
[Round "5"]
[White "Shirov, Alexei"]
[Black "Cardozo Munar, Carlos Eduardo"]
[Result "1/2-1/2"]
[WhiteElo "2661"]
[BlackElo "2043"]
[PlyCount "69"]
[EventDate "2024.04.02"]
[EventType "swiss (blitz)"]
[EventRounds "11"]
[EventCountry "USA"]
[SourceTitle "CB15_2024"]
[SourceDate "2024.04.10"]
[SourceVersion "1"]
[SourceVersionDate "2024.04.10"]
[SourceQuality "1"]

1. e4 e6 2. d4 d5 3. e5 c5 4. c3 Nc6 5. Nf3 Qb6 6. Bd3 Bd7 7. 0-0 cxd4 8. Re1 g6 9. cxd4 Nxd4 10. Nxd4 Qxd4 11. Nc3 a6 12. Be3 Qb4 13. a3 Qe7 14. Na4 Bg7 15. Nb6 Rd8 16. Rc1 Bc6 17. Bc5 Qg5 18. Qe2 Ne7 19. b4 Nf5 20. g3 h5 21. f4 Qg4 22. a4 d4 23. Qxg4 hxg4 24. b5 axb5 25. axb5 Bf3 26. Nc4 Kd7 27. Bxf5 gxf5 28. Nd6 Rxh2 29. Kxh2 Rh8+ 30. Kg1 Rh1+ 31. Kf2 Rh2+ 32. Kf1 Rh1+ 33. Kf2 Rh2+ 34. Kg1 Rh1+ 35. Kf2 1/2-1/2

[Event "Titled Tuesday intern op 02nd Apr Early"]
[Site "Chess.com INT"]
[Date "2024.04.02"]
[Round "3"]
[White "Shirov, Alexei"]
[Black "Dwilewicz, Katarzyna"]
[Result "1-0"]
[WhiteElo "2661"]
[BlackElo "2130"]
[PlyCount "97"]
[EventDate "2024.04.02"]
[EventType "swiss (blitz)"]
[EventRounds "11"]
[EventCountry "USA"]
[SourceTitle "CB15_2024"]
[SourceDate "2024.04.10"]
[SourceVersion "1"]
[SourceVersionDate "2024.04.10"]
[SourceQuality "1"]

1. e4 c5 2. Nf3 e6 3. d4 cxd4 4. Nxd4 Nc6 5. Nc3 Qc7 6. Be3 a6 7. Qf3 Nf6 8. 0-0-0 Ne5 9. Qg3 b5 10. f4 Neg4 11. Bg1 b4 12. Nd5 exd5 13. e5 Ne4 14. Qxg4 d6 15. e6 Nf6 16. Qe2 Be7 17. g4 0-0 18. Bg2 Ne4 19. Bxe4 dxe4 20. exf7+ Rxf7 21. Be3 d5 22. f5 Bd7 23. Kb1 a5 24. Rhf1 Raf8 25. Bf4 Qb6 26. Be3 Bc5 27. Rfe1 a4 28. Ne6 Bxe6 29. fxe6 Rf3 30. e7 Re8 31. Bxc5 Qxc5 32. Qd2 Rxe7 33. Qxd5+ Qxd5 34. Rxd5 Rf2 35. Rd4 e3 36. Rxb4 e2 37. Kc1 Rxh2 38. Rd4 Rg2 39. Kd2 g6 40. Rxa4 h5 41. gxh5 gxh5 42. Rd4 Kg7 43. c4 Kg6 44. c5 Kg5 45. b4 h4 46. c6 h3 47. Rd8 Kf4 48. b5 h2 49. Rh8 1-0

[Event "Titled Tuesday intern op 02nd Apr Early"]
[Site "Chess.com INT"]
[Date "2024.04.02"]
[Round "2"]
[White "Shirov, Alexei"]
[Black "Vovk, Orest"]
[Result "1-0"]
[WhiteElo "2661"]
[BlackElo "2315"]
[PlyCount "65"]
[EventDate "2024.04.02"]
[EventType "swiss (blitz)"]
[EventRounds "11"]
[EventCountry "USA"]
[SourceTitle "CB15_2024"]
[SourceDate "2024.04.10"]
[SourceVersion "1"]
[SourceVersionDate "2024.04.10"]
[SourceQuality "1"]

1. e4 g5 2. d3 h6 3. h4 g4 4. Qxg4 d5 5. Qf3 Nc6 6. c3 Nf6 7. Be2 Bg4 8. Qe3 dxe4 9. dxe4 Bxe2 10. Nxe2 Ne5 11. 0-0 Rg8 12. Qh3 Qd3 13. Qxd3 Nxd3 14. f3 Nxc1 15. Nxc1 0-0-0 16. Na3 e6 17. Nb3 Bxa3 18. bxa3 Rd3 19. Rac1 Nh5 20. Kf2 Rgd8 21. g3 a5 22. a4 b5 23. axb5 a4 24. Nd4 Rd2+ 25. Ke3 Rxa2 26. Ra1 Nxg3 27. Rxa2 Nxf1+ 28. Kf2 e5 29. Ne2 Nd2 30. Rxa4 Kb7 31. Ra6 Rd3 32. Rf6 Nb1 33. Rxh6 1-0

[Event "Titled Tuesday intern op 12th Mar Early"]
[Site "Chess.com INT"]
[Date "2024.03.12"]
[Round "4"]
[White "Carrasco Miranda, Andres"]
[Black "Shirov, Alexei"]
[Result "0-1"]
[WhiteElo "2247"]
[BlackElo "2658"]
[PlyCount "66"]
[EventDate "2024.03.12"]
[EventType "swiss (blitz)"]
[EventRounds "11"]
[EventCountry "USA"]
[SourceTitle "CB12_2024"]
[SourceDate "2023.10.01"]
[SourceVersion "1"]
[SourceVersionDate "2023.10.01"]
[SourceQuality "1"]

1. c4 e6 2. g3 d5 3. Bg2 Nf6 4. d4 Be7 5. Nf3 0-0 6. 0-0 dxc4 7. h4 a6 8. Ne5 c5 9. dxc5 Qc7 10. Nxc4 Qxc5 11. b3 Rd8 12. Qc2 Nc6 13. Be3 Nd4 14. Qb2 Ng4 15. Bxd4 Rxd4 16. e3 Rd8 17. Nc3 Rb8 18. Ne4 Qf5 19. Rad1 Bd7 20. Ned6 Qh5 21. Nxb7 Bxh4 22. Bf3 Bf6 23. Bxg4 Qxg4 24. Ne5 Bxe5 25. Qxe5 Rxb7 26. Rd4 Qf5 27. Qxf5 exf5 28. Rfd1 Kf8 29. Rd6 Ke7 30. Rxa6 Rc8 31. Ra5 Rc2 32. Re5+ Be6 33. Red5 Bxd5 0-1

[Event "Titled Tuesday intern op 12th Mar Early"]
[Site "Chess.com INT"]
[Date "2024.03.12"]
[Round "8"]
[White "Shirov, Alexei"]
[Black "Papaioannou, Dimitrios"]
[Result "1-0"]
[WhiteElo "2658"]
[BlackElo "1991"]
[PlyCount "91"]
[EventDate "2024.03.12"]
[EventType "swiss (blitz)"]
[EventRounds "11"]
[EventCountry "USA"]
[SourceTitle "CB12_2024"]
[SourceDate "2023.10.01"]
[SourceVersion "1"]
[SourceVersionDate "2023.10.01"]
[SourceQuality "1"]

1. e4 e5 2. Nf3 Nc6 3. Bc4 Bc5 4. c3 Nf6 5. d4 exd4 6. e5 d5 7. Bb5 Ne4 8. cxd4 Bb6 9. Nc3 0-0 10. Be3 f5 11. Ne2 Ba5+ 12. Kf1 f4 13. Nxf4 g5 14. Nd3 g4 15. Nfe1 Qh4 16. Kg1 Ne7 17. g3 Qh5 18. Nf4 Qf5 19. h3 gxh3 20. Rxh3 Kh8 21. Rh5 Qg4 22. Qxg4 Bxg4 23. Rh4 Bf5 24. Nf3 c6 25. Bd3 Nxg3 26. fxg3 Bxd3 27. Ng5 Rg8 28. Nf7+ Kg7 29. Nxd3 Kxf7 30. Rxh7+ Ke6 31. Nc5+ Kf5 32. Rf1+ Kg4 33. Kg2 Ng6 34. Nd7 Bd8 35. e6 Be7 36. Ne5+ Nxe5 37. dxe5 Bg5 38. Bxg5 Kxg5 39. Rff7 Rae8 40. e7 Kg6 41. Kf3 c5 42. e6 d4 43. Kf4 a5 44. g4 d3 45. g5 Rgf8 46. Rh6# 1-0

[Event "Titled Tuesday intern op 12th Mar Late"]
[Site "Chess.com INT"]
[Date "2024.03.12"]
[Round "7"]
[White "Shirov, Alexei"]
[Black "Velikanov, Alexander"]
[Result "1-0"]
[WhiteElo "2658"]
[BlackElo "2387"]
[PlyCount "73"]
[EventDate "2024.03.12"]
[EventType "swiss (blitz)"]
[EventRounds "11"]
[EventCountry "USA"]
[SourceTitle "CB12_2024"]
[SourceDate "2023.10.01"]
[SourceVersion "1"]
[SourceVersionDate "2023.10.01"]
[SourceQuality "1"]

1. e4 c5 2. Nf3 a6 3. c3 d5 4. exd5 Qxd5 5. d4 e6 6. c4 Qd8 7. Nc3 Nf6 8. Be3 cxd4 9. Nxd4 Nbd7 10. Be2 Bb4 11. 0-0 0-0 12. Rc1 Qc7 13. a3 Bd6 14. h3 Bf4 15. Qd2 Bxe3 16. Qxe3 Qe5 17. Na4 Qxe3 18. fxe3 b6 19. Bf3 Ra7 20. c5 bxc5 21. Nxc5 Ne5 22. b4 Rc7 23. Be2 Ra7 24. Nf3 Ned7 25. Rfd1 a5 26. b5 Nd5 27. e4 Nf4 28. Bf1 Nxc5 29. Rxc5 f6 30. b6 Re7 31. Rc7 Kf7 32. Rdc1 Bd7 33. b7 Rb8 34. Ba6 Be8 35. Rxe7+ Kxe7 36. Rc8 Ne2+ 37. Kf2 1-0

[Event "Titled Tuesday intern op 27th Feb Late"]
[Site "Chess.com INT"]
[Date "2024.02.27"]
[Round "6"]
[White "Shirov, Alexei"]
[Black "Ambartsumova, Karina"]
[Result "1-0"]
[WhiteElo "2660"]
[BlackElo "2418"]
[PlyCount "137"]
[EventDate "2024.02.27"]
[EventType "swiss (blitz)"]
[EventRounds "11"]
[EventCountry "USA"]
[SourceTitle "CB10_2024"]
[SourceDate "2024.03.06"]
[SourceVersion "1"]
[SourceVersionDate "2024.03.06"]
[SourceQuality "1"]

1. e4 e5 2. Nf3 Nc6 3. Bc4 Nf6 4. d3 h6 5. 0-0 d6 6. a4 g5 7. a5 a6 8. c3 Bg7 9. b4 Be6 10. Na3 d5 11. exd5 Nxd5 12. Bd2 0-0 13. Nc2 Qd7 14. Re1 Rad8 15. b5 axb5 16. Bxb5 e4 17. Rxe4 Nxc3 18. Bxc3 Bxc3 19. Ra3 Bb2 20. Raa4 Bb3 21. Rab4 Bxc2 22. Qxc2 Nxb4 23. Rxb4 c6 24. Qxb2 cxb5 25. h4 f6 26. d4 g4 27. Nh2 Rfe8 28. Qd2 Kg7 29. d5 h5 30. Rd4 Qf5 31. Nf1 Qb1 32. Rb4 Qe1 33. Rxb5 Rd7 34. Qf4 Qe5 35. Qd2 Red8 36. Ne3 f5 37. g3 f4 38. gxf4 Qxf4 39. Rb4 Qe5 40. Qd3 Rf8 41. Re4 Qf6 42. Qe2 Rdf7 43. Nd1 Qxh4 44. d6 Qf6 45. Re6 Qf4 46. Qb2+ Kg8 47. Rg6+ Kh7 48. Re6 Rd8 49. Qc2+ Kg7 50. Qg6+ Kf8 51. Qxh5 Kg8 52. Rh6 Rxd6 53. Rh8+ Kg7 54. Rh7+ Kf8 55. Rxf7+ Qxf7 56. Qc5 Ke7 57. Ne3 Kd7 58. Qb5+ Rc6 59. Qxb7+ Rc7 60. Qb5+ Ke7 61. Nd5+ Kd6 62. Nxc7 Qxc7 63. Qb6+ Qxb6 64. axb6 Kc6 65. Kg2 Kxb6 66. Kg3 Kc6 67. Kxg4 Kd5 68. Kg5 Ke6 69. Kg6 1-0

[Event "Titled Tuesday intern op 27th Feb Late"]
[Site "Chess.com INT"]
[Date "2024.02.27"]
[Round "3"]
[White "Spitzl, Vinzent"]
[Black "Shirov, Alexei"]
[Result "1-0"]
[WhiteElo "2365"]
[BlackElo "2660"]
[PlyCount "65"]
[EventDate "2024.02.27"]
[EventType "swiss (blitz)"]
[EventRounds "11"]
[EventCountry "USA"]
[SourceTitle "CB10_2024"]
[SourceDate "2024.03.06"]
[SourceVersion "1"]
[SourceVersionDate "2024.03.06"]
[SourceQuality "1"]

1. e4 e5 2. Nf3 Nc6 3. Bb5 a6 4. Ba4 Nf6 5. 0-0 b5 6. Bb3 Bc5 7. c3 d6 8. a4 Rb8 9. d4 Bb6 10. a5 Ba7 11. Be3 Bg4 12. d5 Bxe3 13. fxe3 Ne7 14. Nbd2 Ng6 15. Qe1 b4 16. c4 0-0 17. h3 Bxf3 18. gxf3 Nh5 19. Qf2 f5 20. exf5 Rxf5 21. Bc2 Rg5+ 22. Kh2 Ngf4 23. Rg1 Nxh3 24. Kxh3 Qd7+ 25. Kh2 Nf4 26. Rg4 Rxg4 27. fxg4 b3 28. Bf5 Qe7 29. exf4 exf4 30. Re1 Qf6 31. Nf3 g6 32. Be6+ Kg7 33. g5 1-0

[Event "Titled Tuesday intern op 13th Feb Late"]
[Site "Chess.com INT"]
[Date "2024.02.13"]
[Round "8"]
[White "Barria Zuniga, Daniel"]
[Black "Shirov, Alexei"]
[Result "0-1"]
[WhiteElo "2341"]
[BlackElo "2660"]
[PlyCount "94"]
[EventDate "2024.02.13"]
[EventType "swiss (blitz)"]
[EventRounds "11"]
[EventCountry "USA"]
[SourceTitle "CB08_2024"]
[SourceDate "2024.02.21"]
[SourceVersion "1"]
[SourceVersionDate "2024.02.21"]
[SourceQuality "1"]

1. d4 d5 2. c4 c6 3. Nf3 Nf6 4. Nc3 e6 5. Bg5 dxc4 6. e4 b5 7. a4 b4 8. Nb1 Ba6 9. Qc1 Nbd7 10. Bxc4 Qa5 11. Nbd2 Rc8 12. 0-0 Be7 13. e5 Nd5 14. Ne4 0-0 15. Bxe7 Nxe7 16. Nd6 Rc7 17. Bxa6 Qxa6 18. Qd2 Rb8 19. Rfc1 c5 20. h4 Nd5 21. h5 h6 22. Rc4 Rc6 23. Rac1 N5b6 24. Rxb4 cxb4 25. Rxc6 Qxa4 26. Rc7 Nd5 27. Rc1 b3 28. g4 Qb4 29. Qd3 N7b6 30. g5 Nf4 31. Qe4 Nbd5 32. gxh6 g6 33. hxg6 fxg6 34. Kh2 Rf8 35. Rg1 Kh7 36. Rg4 Rf5 37. Nxf5 exf5 38. Qxf4 Nxf4 39. Rxf4 Kxh6 40. Kg3 Qb5 41. Rh4+ Kg7 42. Ng5 Qd3+ 43. f3 Qd1 44. Rh7+ Kg8 45. Rxa7 Qg1+ 46. Kh4 Qxd4+ 47. Kh3 Qxa7 0-1

[Event "Titled Tuesday intern op 13th Feb Early"]
[Site "Chess.com INT"]
[Date "2024.02.13"]
[Round "4"]
[White "Bjerre, Jonas Buhl"]
[Black "Shirov, Alexei"]
[Result "1/2-1/2"]
[WhiteElo "2642"]
[BlackElo "2660"]
[PlyCount "96"]
[EventDate "2024.02.13"]
[EventType "swiss (blitz)"]
[EventRounds "11"]
[EventCountry "USA"]
[SourceTitle "CB08_2024"]
[SourceDate "2024.02.21"]
[SourceVersion "1"]
[SourceVersionDate "2024.02.21"]
[SourceQuality "1"]

1. e4 e5 2. Nf3 Nc6 3. Bb5 a6 4. Ba4 Nf6 5. d3 d6 6. 0-0 g6 7. c3 Bg7 8. Re1 0-0 9. h3 Nh5 10. Nbd2 f5 11. exf5 Nf4 12. Bb3+ Kh8 13. f6 Qxf6 14. Ne4 Nxh3+ 15. gxh3 Qxf3 16. Qxf3 Rxf3 17. Ng5 Rf5 18. Nf7+ Rxf7 19. Bxf7 Bxh3 20. Bd5 Rf8 21. Be3 Bc8 22. a4 Ne7 23. Bh1 Nf5 24. Bd2 Nh4 25. a5 Nf3+ 26. Bxf3 Rxf3 27. Re3 Rf7 28. Rg3 Bf5 29. Ra4 d5 30. Rh4 Kg8 31. Bg5 e4 32. dxe4 Bxe4 33. Rf4 Be5 34. Rxf7 Kxf7 35. Re3 Bd6 36. f3 Bf5 37. Re1 c5 38. Kf2 d4 39. Rd1 d3 40. Ke3 c4 41. Kd2 Bc7 42. Re1 Bd6 43. Bh6 Be6 44. Bg5 Bd5 45. Ke3 Bc5+ 46. Kd2 Bd6 47. Ke3 Bc5+ 48. Kd2 Bd6 1/2-1/2

[Event "Titled Tuesday intern op 13th Feb Early"]
[Site "Chess.com INT"]
[Date "2024.02.13"]
[Round "1"]
[White "Bowden, Karl"]
[Black "Shirov, Alexei"]
[Result "0-1"]
[WhiteElo "2348"]
[BlackElo "2660"]
[PlyCount "62"]
[EventDate "2024.02.13"]
[EventType "swiss (blitz)"]
[EventRounds "11"]
[EventCountry "USA"]
[SourceTitle "CB08_2024"]
[SourceDate "2024.02.21"]
[SourceVersion "1"]
[SourceVersionDate "2024.02.21"]
[SourceQuality "1"]

1. e4 e5 2. Nf3 Nc6 3. Bb5 a6 4. Ba4 Nf6 5. d4 Nxd4 6. Nxd4 exd4 7. 0-0 Be7 8. e5 Ne4 9. Qg4 Ng5 10. f4 h5 11. Qe2 Ne6 12. f5 Nc5 13. Bb3 d5 14. f6 Bf8 15. Bg5 Qd7 16. Nd2 Qg4 17. Nf3 Be6 18. h3 Qe4 19. Qd2 d3 20. Rae1 Qg6 21. Re3 Ne4 22. Rxe4 Qxe4 23. Re1 Qg6 24. cxd3 0-0-0 25. Nd4 Bc5 26. Be3 gxf6 27. exf6 Qxf6 28. Nxe6 Bxe3+ 29. Rxe3 fxe6 30. Rf3 Qd4+ 31. Kh1 Rdf8 0-1

[Event "Titled Tuesday intern op 13th Feb Early"]
[Site "Chess.com INT"]
[Date "2024.02.13"]
[Round "10"]
[White "Sarana, Alexey"]
[Black "Shirov, Alexei"]
[Result "1-0"]
[WhiteElo "2697"]
[BlackElo "2660"]
[PlyCount "77"]
[EventDate "2024.02.13"]
[EventType "swiss (blitz)"]
[EventRounds "11"]
[EventCountry "USA"]
[SourceTitle "CB08_2024"]
[SourceDate "2024.02.21"]
[SourceVersion "1"]
[SourceVersionDate "2024.02.21"]
[SourceQuality "1"]

1. d4 d5 2. c4 c6 3. Nc3 Nf6 4. Nf3 e6 5. Bg5 dxc4 6. e4 b5 7. e5 h6 8. Bh4 g5 9. Nxg5 hxg5 10. Bxg5 Nbd7 11. exf6 Bb7 12. Be2 Nxf6 13. Bf3 Be7 14. Qd2 Nd5 15. Bxe7 Qxe7 16. Bxd5 exd5+ 17. Qe2 b4 18. Na4 Rh4 19. Nc5 Rxd4 20. Qxe7+ Kxe7 21. Nxb7 Rb8 22. Nc5 Kd6 23. Na4 Re8+ 24. Kf1 Rd2 25. h4 Ree2 26. Rh2 Rxf2+ 27. Kg1 d4 28. h5 c3 29. bxc3 bxc3 30. h6 c2 31. h7 Rfe2 32. Rh6+ Kc7 33. h8Q Rd1+ 34. Kh2 Rxa1 35. Qf6 Rh1+ 36. Kxh1 c1Q+ 37. Kh2 Qc4 38. Qd6+ Kb7 39. Nc5+ 1-0

[Event "Titled Tuesday intern op 13th Feb Late"]
[Site "Chess.com INT"]
[Date "2024.02.13"]
[Round "7"]
[White "Shirov, Alexei"]
[Black "Ambartsumova, Karina"]
[Result "1-0"]
[WhiteElo "2660"]
[BlackElo "2418"]
[PlyCount "67"]
[EventDate "2024.02.13"]
[EventType "swiss (blitz)"]
[EventRounds "11"]
[EventCountry "USA"]
[SourceTitle "CB08_2024"]
[SourceDate "2024.02.21"]
[SourceVersion "1"]
[SourceVersionDate "2024.02.21"]
[SourceQuality "1"]

1. e4 e5 2. Nf3 Nc6 3. Bb5 Nf6 4. d3 d6 5. 0-0 g6 6. d4 Bd7 7. d5 Ne7 8. Bxd7+ Qxd7 9. Re1 Bg7 10. c4 0-0 11. Nc3 Nh5 12. Rb1 a5 13. a3 a4 14. Nb5 b6 15. b4 axb3 16. Rxb3 h6 17. Nh4 Kh7 18. g3 Nf6 19. f4 exf4 20. gxf4 Nh5 21. e5 dxe5 22. fxe5 Nf5 23. Qg4 Ra4 24. e6 Qxd5 25. Qxf5 gxf5 26. cxd5 Rxh4 27. e7 Rg8 28. e8Q Bd4+ 29. Kh1 Rxe8 30. Rxe8 Bc5 31. Bb2 f6 32. Nxc7 Bd6 33. h3 Bxc7 34. Re7+ 1-0

[Event "Titled Tuesday intern op 13th Feb Late"]
[Site "Chess.com INT"]
[Date "2024.02.13"]
[Round "2"]
[White "Shirov, Alexei"]
[Black "Kanakaris, Georgios"]
[Result "1-0"]
[WhiteElo "2660"]
[BlackElo "2400"]
[PlyCount "69"]
[EventDate "2024.02.13"]
[EventType "swiss (blitz)"]
[EventRounds "11"]
[EventCountry "USA"]
[SourceTitle "CB08_2024"]
[SourceDate "2024.02.21"]
[SourceVersion "1"]
[SourceVersionDate "2024.02.21"]
[SourceQuality "1"]

1. e4 e6 2. d4 d5 3. e5 c5 4. c3 Ne7 5. Nf3 Nec6 6. Bd3 b6 7. 0-0 Ba6 8. Bxa6 Nxa6 9. Ng5 Be7 10. Qh5 Bxg5 11. Bxg5 Qd7 12. Rd1 cxd4 13. cxd4 Rc8 14. Nc3 Na5 15. Rd3 Nc4 16. b3 Na3 17. Bh4 Nb4 18. Rg3 h6 19. Rd1 g6 20. Qe2 g5 21. Qh5 gxh4 22. Qxh4 Qe7 23. Qh5 Kd7 24. Ne2 Rc2 25. Rg7 Rf8 26. Nf4 Nxa2 27. Ng6 fxg6 28. Rxe7+ Kxe7 29. Qxh6 Rfxf2 30. Qxg6 Nc3 31. Ra1 Ne2+ 32. Kxf2 Nf4+ 33. Qxc2 Nxc2 34. Rxa7+ Ke8 35. h4 1-0

[Event "Titled Tuesday intern op 13th Feb Late"]
[Site "Chess.com INT"]
[Date "2024.02.13"]
[Round "9"]
[White "Shirov, Alexei"]
[Black "Sarana, Alexey"]
[Result "0-1"]
[WhiteElo "2660"]
[BlackElo "2697"]
[PlyCount "72"]
[EventDate "2024.02.13"]
[EventType "swiss (blitz)"]
[EventRounds "11"]
[EventCountry "USA"]
[SourceTitle "CB08_2024"]
[SourceDate "2024.02.21"]
[SourceVersion "1"]
[SourceVersionDate "2024.02.21"]
[SourceQuality "1"]

1. e4 c5 2. Nf3 e6 3. d4 cxd4 4. Nxd4 Nc6 5. Nc3 a6 6. Be3 Nf6 7. Nxc6 bxc6 8. e5 Nd5 9. Nxd5 cxd5 10. Bd3 d6 11. Bd4 Qg5 12. Qe2 dxe5 13. Bxe5 Bc5 14. f4 Qh6 15. g3 0-0 16. 0-0-0 Qh3 17. Kb1 Bd7 18. g4 Bc6 19. Rhf1 Rfe8 20. Rf3 Qh4 21. Bxh7+ Qxh7 22. Rc3 Bb5 23. Qg2 Bb4 24. Rh3 Qe4 25. Qg3 Rac8 26. Rc1 f6 27. Bxf6 gxf6 28. g5 Kf7 29. Rh6 Rg8 30. Rxf6+ Ke7 31. f5 exf5 32. a3 Ba4 33. axb4 Bxc2+ 34. Ka1 f4 35. Qh4 Qxb4 36. Rxf4 Qa5+ 0-1